শরীরতাত্ত্বিক উদ্ভিদ পরিবেশবিদ্যা / (Record no. 47508)
[ view plain ]
| 000 -LEADER | |
|---|---|
| fixed length control field | 00810nam a22002297a 4500 |
| 001 - CONTROL NUMBER | |
| control field | 47508 |
| 003 - CONTROL NUMBER IDENTIFIER | |
| rucl marc code | BD-RjUL |
| 005 - DATE AND TIME OF LATEST TRANSACTION | |
| control field | 20211209054330.0 |
| 008 - FIXED-LENGTH DATA ELEMENTS--GENERAL INFORMATION | |
| fixed length control field | 160809s2002 bg ||||| |||| 00| 0 ben d |
| 020 ## - INTERNATIONAL STANDARD BOOK NUMBER | |
| International Standard Book Number | 9844122899 |
| 035 ## - SYSTEM CONTROL NUMBER | |
| System control number | (BD-RjUL)47627 |
| 040 ## - CATALOGING SOURCE | |
| Original cataloging agency | BD-RjUL |
| Language of cataloging | ben |
| Transcribing agency | BD-RjUL |
| Modifying agency | BD-RjUL |
| 041 ## - LANGUAGE CODE | |
| Language code of text/sound track or separate title | ben |
| 082 ## - DEWEY DECIMAL CLASSIFICATION NUMBER | |
| Edition number | 23 |
| Classification number | 581 |
| Author mark and year | PAS 2002 |
| 100 ## - MAIN ENTRY--PERSONAL NAME | |
| Personal name | পাল, নিশীথ কুমার |
| 9 (RLIN) | 119563 |
| 245 10 - TITLE STATEMENT | |
| Title | শরীরতাত্ত্বিক উদ্ভিদ পরিবেশবিদ্যা / |
| Statement of responsibility, etc. | নিশীথ কুমার পাল |
| 260 ## - PUBLICATION, DISTRIBUTION, ETC. (IMPRINT) | |
| Place of publication, distribution, etc. | ঢাকা : |
| Name of publisher, distributor, etc. | বাংলাবাজার, |
| Date of publication, distribution, etc. | ২০০২ |
| 300 ## - PHYSICAL DESCRIPTION | |
| Pagination | ১২৪ পৃ. : |
| Illustrations | চিত্র ; |
| Size | ২১ সেমি. |
| 650 ## - SUBJECT ADDED ENTRY--TOPICAL TERM | |
| Topical term or geographic name as entry element | উদ্ভিদ |
| 9 (RLIN) | 144443 |
| Topical term or geographic name as entry element | Plant |
| 9 (RLIN) | 144444 |
| 942 ## - ADDED ENTRY ELEMENTS (KOHA) | |
| Source of classification or shelving scheme | Dewey Decimal Classification |
| Koha item type | Books |
| Lost status | Source of classification or shelving scheme | Damaged status | Not for loan | Collection code | Permanent Location | Current Location | Shelving location | Date acquired | Source of acquisition | Cost, normal purchase price | Total Checkouts | Full call number | Date last seen | Copy number | Koha item type |
|---|---|---|---|---|---|---|---|---|---|---|---|---|---|---|---|
| Dewey Decimal Classification | Non-fiction | Central Library, University of Rajshahi | Central Library, University of Rajshahi | 29/12/2002 | Nishit kumar Udvid RU | 124.00 | B 581 PAS 2002 | 09/08/2016 | C-2 | Books | |||||
| Dewey Decimal Classification | Non-fiction | Central Library, University of Rajshahi | Central Library, University of Rajshahi | 29/12/2002 | Nishit kumar Udvid RU | 124.00 | B 581 PAS 2002 | 09/08/2016 | C-3 | Books | |||||
| Dewey Decimal Classification | Non-fiction | Central Library, University of Rajshahi | Central Library, University of Rajshahi | 29/12/2002 | Nishit kumar Udvid RU | 124.00 | B 581 PAS 2002 | 09/08/2016 | C-4 | Books | |||||
| Dewey Decimal Classification | Non-fiction | Central Library, University of Rajshahi | Central Library, University of Rajshahi | 29/12/2002 | Nishit kumar Udvid RU | 124.00 | B 581 PAS 2002 | 09/08/2016 | C-5 | Books | |||||
| Dewey Decimal Classification | Non-fiction | Central Library, University of Rajshahi | Central Library, University of Rajshahi | 29/12/2002 | Nishit kumar Udvid RU | 124.00 | B 581 PAS 2002 | 09/08/2016 | C-6 | Books | |||||
| Dewey Decimal Classification | Non-fiction | Central Library, University of Rajshahi | Central Library, University of Rajshahi | 29/12/2002 | Nishit kumar Udvid RU | 124.00 | B 581 PAS 2002 | 09/08/2016 | C-7 | Books | |||||
| Dewey Decimal Classification | Non-fiction | Central Library, University of Rajshahi | Central Library, University of Rajshahi | 29/12/2002 | Nishit kumar Udvid RU | 124.00 | B 581 PAS 2002 | 09/08/2016 | C-8 | Books | |||||
| Dewey Decimal Classification | Non-fiction | Central Library, University of Rajshahi | Central Library, University of Rajshahi | 29/12/2002 | Nishit kumar Udvid RU | 124.00 | B 581 PAS 2002 | 09/08/2016 | C-9 | Books | |||||
| Dewey Decimal Classification | Non-fiction | Central Library, University of Rajshahi | Central Library, University of Rajshahi | 29/12/2002 | Nishit kumar Udvid RU | 124.00 | B 581 PAS 2002 | 09/08/2016 | C-10 | Books | |||||
| Dewey Decimal Classification | Not For Loan | Non-fiction | Central Library, University of Rajshahi | Central Library, University of Rajshahi | Reading Room | 29/12/2002 | Author | 75.00 | B 581 PAS 2002 | 22/04/2017 | C-1 | Books |